00535nam a22001697a 450000500170000001000150001702000260003203500140005803700090007208200080008110000180008924500900010726000460019727000780024330000200032170000240034120250128155835.0 aENG-143632 a9789355014443c750.00 aEN-127164 bDBAD a624 aKhurmi , R S  aCivil Engineering: bConventional and Objective Type/ cby R S Khurmi [and] J K Gupta aNew DelhibS. Chand Publishingc2023(rep) aA-27, 2nd Floor, Mohan Co-Operative Industrial Estate bNew Delhie110044v a598p.c27cm(pb) aGupta, J K eAuthor